| 000 | 005350000a22002050004500 | ||
|---|---|---|---|
| 003 | LK-CoMWRAF | ||
| 005 | 20230924223550.0 | ||
| 008 | 230817t ||||| |||| 00| 0 eng d | ||
| 020 | _a185230717X | ||
| 040 |
_aLK-CoMWRAF _dLK-CoMWRAF _eLK-CoMWRAF |
||
| 041 | _aeng | ||
| 082 |
_a297.4 _bBAL |
||
| 100 | _aBaldock, John | ||
| 245 | _aThe Little book of sufi wisdom | ||
| 260 |
_aU.S.A. : _bElements books limited, _c1995 |
||
| 300 | _a48p. : col.ill. ; 13cm. | ||
| 650 | _aSufism -- Quotations | ||
| 650 | _aSufism | ||
| 942 | _cBK | ||
| 999 |
_c2232 _d2232 |
||